000 00954nam a2200253 a 4500
001 52961
003 BD-RjUL
005 20211209075904.0
008 161001r20081937b ||||| |||| 00| 0 eng d
020 _a9788175222632 (V-14)
_c : 55.00
020 _a9788175220215 (Set)
035 _a(BD-RjUL)53081
040 _aBD-RjUL
_beng
_cBD-RjUL
041 _aeng
082 _223
_a781.1
_bTAN 2006
100 1 _aঠাকুর, রবীন্দ্রনাথ
_9158321
245 1 0 _aনবগীতিকা :
_bপ্রথম খণ্ড /
_cরবীন্দ্রনাথ ঠাকুর
260 _aকলকাতা :
_bবিশ্বভারতী গ্রন্থবিভগ,
_c১৯২২ [পুনর্মদ্রণ ২০০৬]
300 _a১০৪ পৃ ;
_c২৭ সেমি.
490 _aস্বরবিতান ;
_v১৪
650 _aসঙ্গীত
_9158322
650 _aMusic
_9150469
942 _2ddc
_cBK
999 _c52961
_d52961